Jug-jug jiyo Munna Bhai: Chhaviyon ka mayajall. (Record no. 14389)
[ view plain ]
| 000 -LEADER | |
|---|---|
| fixed length control field | 00469nam a2200169Ia 4500 |
| 008 - FIXED-LENGTH DATA ELEMENTS--GENERAL INFORMATION | |
| fixed length control field | 230917s9999||||xx |||||||||||||| ||und|| |
| 020 ## - ISBN | |
| Price | RS250 |
| 040 ## - CATALOGING SOURCE | |
| -- | 224549 |
| Original cataloging agency | VIVEKANANDA LIBRARY |
| 041 ## - Language | |
| -- | English |
| 082 ## - DDC NUMBER | |
| Classification number | 791.430954 A 81 J |
| 100 ## - MAIN ENTRY--PERSONAL NAME | |
| Personal name | Agrawal, Prahlad |
| 245 #0 - TITLE STATEMENT | |
| Title | Jug-jug jiyo Munna Bhai: Chhaviyon ka mayajall. |
| 260 ## - PUBLICATION, DISTRIBUTION, ETC. (IMPRINT) | |
| Place of publication, distribution, etc | New Delhi |
| Name of publisher, distributor, etc | Rajkamal Prakshan |
| Date of publication, distribution, etc | 2011 |
| 300 ## - PHYSICAL DESCRIPTION | |
| Pages | 127 p. |
| 500 ## - GENERAL NOTE | |
| General note | 1929 05/02/2015 RP7637 19/02/2015 Main Budget |
| 942 ## - ADDED ENTRY ELEMENTS (KOHA) | |
| Koha item type | Books |
| Withdrawn status | Lost status | Damaged status | Not for loan | Location (home branch) | Sublocation or collection (holding branch) | Date acquired | Koha issues (times borrowed) | Koha full call number | Accession No. | Koha date last seen | Koha item type |
|---|---|---|---|---|---|---|---|---|---|---|---|
| VIVEKANANDA LIBRARY | VIVEKANANDA LIBRARY | 03/07/2015 | 791.430954 A 81 J | 342489 | 17/09/2023 | Books |
